00924nam a22001697a 450000500170000000800410001705000300005810000280008824501540011626000350027030000200030550000400032565001790036594200130054499900190055795201780057620260512113801.0260512b |||||||| |||| 00| 0 eng d aTHE HD 57.95 .K4 O46bC.1 aOmbogo, Joshua Marwanga aValue-based Healthcare Strategies, Situational Leadership Styles and Performance of County Refferal Hospitals in the Lake Region Economic Bloc, Kenya aKisii bKisii Universityc2025 axxi, 207p.:ill. aIncludes bibliographical references a1. Value-based healthcare - Kenya - Lake Region Economic Bloc. 2. Hospitals - Administration - Kenya. 3. Situational leadership. 4. Organizational effectiveness in hospitals. 2lcccREF c217113d217113 00102lcc406THE H D 00057.00095 .K00004 O00046708SC9377424aKSULbKSULd2026-05-12i113300l0oTHE HD 57.95 .K4 O46pA002042r2026-05-12 11:39:42tC.1w2026-05-12yREF